Skúmanie pravosti vybraných ochranných prvkov v dokumentoch

Guardado en:
Detalles Bibliográficos
Autor principal: Masárová, Katarína (Autor)
Otros Autores: Reháková, Milena (Orientador)
Formato: Manuscrito Libro
Lenguaje:eslovaco
Publicado: 2016
Materias:
Acceso en línea:http://is.stuba.sk/zp/portal_zp.pl?podrobnosti=121163
Etiquetas: Agregar Etiqueta
Sin Etiquetas, Sea el primero en etiquetar este registro!

MARC

LEADER 00000ntm a22000003a 4500
001 stuzp57938
003 SK-STU
005 20160719155418.3
007 ta
008 150427s2015----xo-----f-mn---000-0-slo-d
040 |a STU  |b slo 
041 0 |a slo 
100 1 |a Masárová, Katarína  |u 049160  |4 aut  |U FCHPT Ústav prírodných a syntetických polymérov  |T FCHPT Oddelenie polygrafie a aplikovanej fotochémie  |X 43224  |U C9160  |Y 127  |7 43224 
242 0 1 |a Examining the Authenticity of Selected Security Features in Documents  |y eng 
245 1 0 |a Skúmanie pravosti vybraných ochranných prvkov v dokumentoch 
260 |c 2016 
650 4 |a defekt  |2 slo 
650 4 |a komparácia  |2 slo 
650 4 |a falzifikát  |2 slo 
650 4 |a hrúbka línie  |2 slo 
650 4 |a odtlačok pečiatky  |2 slo 
650 4 |a stamp print  |2 eng 
650 4 |a counterfeit  |2 eng 
650 4 |a defect  |2 eng 
650 4 |a line thickness  |2 eng 
650 4 |a comparison  |2 eng 
700 1 |a Reháková, Milena  |u 049160  |k Z1  |4 ths  |U FCHPT Ústav prírodných a syntetických polymérov  |T FCHPT Oddelenie polygrafie a aplikovanej fotochémie  |X 3378  |U C9160  |Y 127  |7 A000003378 
856 4 |u http://is.stuba.sk/zp/portal_zp.pl?podrobnosti=121163 
SQL |a stuzp57938  |b DDP  |c SLO  |d Skúmanie pravosti vybraných ochranných prvkov v dokumentoch  |e 43224  |f Masárová, Katarína  |g 049160  |h 3378  |i Reháková, Milena  |j 20160606  |k 542  |l 04  |m http://is.stuba.sk/zp/portal_zp.pl?podrobnosti=121163  |n I-PSP  |o 5.2.18. chemické technológie